Statistics for Which country doesn't exist?

Click here to take the quiz!

General Stats

  • This quiz has been taken 52 times
    (35 since last reset)
  • The average score is 7 of 7

Answer Stats

QuestionAnswer% Correct
Which country doesn't exist?Granaiti
100%
Which country doesn't exist?Grice
100%
Which country doesn't exist?Haik
100%
Which country doesn't exist?Kirbati
93%
Which country doesn't exist?Iichenstein
90%
Which country doesn't exist?russia
90%
Which country doesn't exist?Mexicio
83%

Score Distribution

Percentile by Number Answered

Percent of People with Each Score

Your Score History

You have not taken this quiz since the last reset